Statistiques concernant Les vainqueurs de la Coupe d'Italie de football depuis sa reprise en 1957-1958

Cliquez ici pour prendre le quiz!

Statistiques générales

  • Ce quiz a été pris 120 fois
  • Le résultat moyen est 53 sur 59

Statistiques - réponses

Année Vainqueur % Correct
1959Juventus FC
100%
1978FC Internazionale Milano
99%
1962SSC Napoli
97%
1964AS Roma
95%
1967AC Milan
95%
1958SS Lazio
91%
1961AC Fiorentina
86%
1992Parma AC
82%
1985UC Sampdoria
81%
1968Torino FC
77%
1970Bologna FC
69%
1963Atalanta Bergamasca Calcio
45%
1997Vicenza Calcio
8%

Distribution des résultats

Percentile par nombre de réponses

% des personnes avec chaque résultat

Votre développement - résultats

Vous n’avez pas pris ce quiz